| 000 | 00746nam a2200217Ia 4500 | ||
|---|---|---|---|
| 001 | 2942 | ||
| 003 | GE_BSU | ||
| 008 | 181216s||||||||xx |||||||||||||| ||und|| | ||
| 040 | _cGE_BSU | ||
| 080 | _a665.65.001(075) | ||
| 100 | _aТаматаров,М.А. Кондратьев,А.А. Ахметшина,М.Н. и др. | ||
| 245 | _aПроектирование установок первычной переработки нефти. | ||
| 245 | _bУчебник. | ||
| 245 | _cРед. Г.И.Коледова. | ||
| 260 | _aМ. | ||
| 260 | _bХимия. | ||
| 260 | _c1976. | ||
| 300 | _a200 стр. 22 см. | ||
| 653 | _aПроектирование установок первычной переработки нефти. | ||
| 942 | _cBK | ||
| 999 |
_c36990 _d36990 |
||